3D nyomtatás optimalizálása

Elmentve itt :
Bibliográfiai részletek
Szerző: Kátai Gergely Péter
További közreműködők: Erdőhelyi Balázs (Témavezető)
Nyúl László (Témavezető)
Dokumentumtípus: Szakdolgozat
Megjelent: 2017
Tárgyszavak:
Online Access:http://diploma.bibl.u-szeged.hu/71584
LEADER 01214nta a2200265 i 4500
001 dipl71584
005 20240103172242.0
008 180608s2017 hu om 0|| hun d
040 |a SZTE Diploma Repozitórium  |b hun 
041 |a hun 
100 1 |a Kátai Gergely Péter 
245 1 0 |a 3D nyomtatás optimalizálása  |h [elektronikus dokumentum] /  |c Gergely Péter Kátai 
246 1 0 |a 3D printing optimization  |h [elektronikus dokumentum] 
260 |c 2017 
650 4 |a Természettudományok 
650 4 |a Natural sciences 
650 4 |a Computer and information sciences 
650 4 |a Computer sciences, information science and bioinformatics 
650 4 |a Software engineering, operating systems, computer languages 
650 4 |a Software Design & Development 
700 0 1 |a Erdőhelyi Balázs  |e ths 
700 0 1 |a Nyúl László  |e ths 
856 4 0 |u https://diploma.bibl.u-szeged.hu/id/eprint/71584/1/2016_K%C3%A1tai_Gergely_P%C3%A9ter_WHGIDZ_SZ.pdf  |z Dokumentum-elérés  
856 4 0 |u https://diploma.bibl.u-szeged.hu/id/eprint/71584/7/2017_katai_gergely_peter_melleklet.zip  |z Dokumentum-elérés  
856 4 0 |u https://diploma.bibl.u-szeged.hu/id/eprint/71584/8/2017_katai_gergely_peter_biralati_lap.pdf  |z Dokumentum-elérés